Edmonton Oilers 2025-2026 Roster - Statistics

General Stats
  • This quiz has been taken 136 times
    129 since last reset
  • The average score is 18 of 26
Answer Stats
Jersey # Pos Player % Correct
97 C Connor McDavid
99%
2 D Evan Bouchard
99%
29 C Leon Draisaitl
96%
74 G Stuart Skinner
96%
93 C Ryan Nugent-Hopkins
94%
30 G Calvin Pickard
91%
25 D Darnell Nurse
90%
18 LW Zach Hyman
90%
14 D Mattias Ekholm
84%
96 D Jake Walman
79%
92 RW Vasily Podkolzin
73%
22 C Matt Savoie
70%
27 D Brett Kulak
69%
88 LW Andrew Mangiapane
67%
19 C Adam Henrique
63%
42 RW Kasperi Kapanen
61%
13 C Mattias Janmark
61%
53 LW Isaac Howard
60%
10 C Trent Frederic
52%
49 D Ty Emberson
49%
75 D Alec Regula
48%
51 D Troy Stecher
46%
46 LW Max Jones
43%
20 C Curtis Lazar
37%
48 C Noah Philp
36%
52 LW James Hamblin
16%
No matching quizzes found
Score Distribution
Percent of People with Each Score
Percentile by Number Answered
Your Score History
You have not taken this quiz since the last reset